Grande Tim (Record no. 16410)

MARC details
000 -Etiqueta do registo
Valores 00839nam a2200265 4500
010 ## - Número ISBN
ISBN 9789897415586
021 ## - Número do Depósito Legal
Número 411934/16
100 ## - Dados gerais de processamento
Dados gerais 20170824d2016 de y0pory5003 ba
200 1# - Titulo e menção de responsabilidade
Título próprio Grande Tim
Primeira menção de responsabilidade Enid Blyton
Outras menções de responsabilidade il. Jamie Littler
-- trad. Eugénia Antunes
205 ## - Menção da edição
Edição 9ª ed
210 #9 - Publicação
Local de publicação Alfragide
Nome do editor Oficina do Livro,
Data de publicação 2016
215 ## - Descrição física 
Paginação / Volumes 78, [2] p.
Outras indicações físicas il.
Dimensões 20 cm
225 2# - Colecção 
Título próprio da colecção Os mini cinco
Indicação de volume 3
304 ## - Nota relativa ao título
Texto de nota Tít. orig.: Good hold Timmy
675 ## - CDU
Notação 087.5
Edição BN
Língua por
675 ## - CDU
Notação 821.111-93"19"
Edição BN
Língua por
675 ## - CDU
Notação 821.111-311.3"19"
Edição BN
Língua por
700 #1 - Autor principal (pessoa individual)
Apelido Blyton,
Nome Enid,
Datas 1897-1968
702 #1 - Autor secundário (pessoa individual)
Apelido Littler,
Nome Jamie
702 #1 - Autor secundário (pessoa individual)
Apelido Antunes,
Nome Eugénia,
Datas 1972-
801 #0 - Fonte de origem
País PT
Agência BN
Regras de catalogação RPC
856 41 - Localização e acesso electrónico 
URL <a href="http://rnod.bnportugal.gov.pt/ImagesBN/winlibimg.aspx?skey=&doc=1970009&img=98324&save=true">http://rnod.bnportugal.gov.pt/ImagesBN/winlibimg.aspx?skey=&doc=1970009&img=98324&save=true</a>
990 ## - Elementos KOHA
Tipo de documento Livro
Holdings
Situação do levantamento Estado Número Biblioteca de origem Código de barras Cota Permissão de empréstimo Tipo de documento Forma de aquisição
    bma Biblioteca Municipal do Alandroal C 18486/25 087.5 BLY   Livro Compra

Powered by Koha